| 000 -LEADER |
| fixed length control field |
00433nam a22001337a 4500 |
| 020 ## - INTERNATIONAL STANDARD BOOK NUMBER |
| International Standard Book Number |
9789350026076 |
| 082 ## - DEWEY DECIMAL CLASSIFICATION NUMBER |
| Classification number |
V43x54 R765 |
| 100 ## - MAIN ENTRY--PERSONAL NAME |
| Personal name |
Routray, Sailen |
| 9 (RLIN) |
16009 |
| 245 ## - TITLE STATEMENT |
| Title |
Thinking about water in uncertain times: |
| Remainder of title |
state, people and conflicts |
| Statement of responsibility, etc |
by Sailen Routray and N. Shantha Mohan |
| 260 ## - PUBLICATION, DISTRIBUTION, ETC. (IMPRINT) |
| Place of publication, distribution, etc |
Delhi |
| Name of publisher, distributor, etc |
Aakar Books |
| Date of publication, distribution, etc |
2020 |
| 300 ## - PHYSICAL DESCRIPTION |
| Extent |
123p. |
| 650 ## - SUBJECT ADDED ENTRY--TOPICAL TERM |
| Topical term or geographic name as entry element |
Water resource management |
| 9 (RLIN) |
16216 |
| 700 ## - ADDED ENTRY--PERSONAL NAME |
| Personal name |
Mohan, N. Shantha |
| 9 (RLIN) |
16010 |